| 000 | 00649nam a2200217Ia 4500 | ||
|---|---|---|---|
| 003 | OSt | ||
| 005 | 20220926011948.0 | ||
| 006 | a|||||r|||| 00| 0 | ||
| 007 | ta | ||
| 008 | 220923b |||||||| |||| 00| 0 eng d | ||
| 037 | _cGeneral Book | ||
| 040 |
_aRTL _cRTL _beng |
||
| 041 |
_2eng _aeng |
||
| 082 | _aX:8:(S:44), M0 | ||
| 100 |
_aPotter Berly A. _9315306 |
||
| 245 | 0 |
_aChanging performance of the job _b Behavioral techniques for managers. |
|
| 260 |
_aNew York _bAmerican Management Associations _c1980 |
||
| 300 |
_a266p. _ccm. |
||
| 942 |
_hX:8:(S:44), M0 _cGB _2CC |
||
| 999 |
_c621383 _d621383 |
||